00312nam a2200097Ia 4500008004100000041000800041100003100049245007200080260004300152999001900195241105s9999 xx 000 0 und d aeng aChavan Nishigandha9184210 aRestruring Humanized Landscape With Eco Responsive Plannng Approach bBNCA-M arch Digital Architecturec2021 c362053d362053